Postacie ze sztuk Szekspira - Statystyki

Ogólne statystyki
  • Ten quiz został rozwiązany 10 razy
  • Średni wynik to 5 z 20
Statystyki odpowiedzi
Wskazówka Postać % Poprawnych
Nieszczęśliwi kochankowie Julia
100%
Nieszczęśliwi kochankowie Romeo
100%
Książe Danii Hamlet
80%
Miłość do powyższego; oszalał i powiedziano mu „idź do klasztoru” Ofelia
50%
Szkocka pani, która nie mogła znaleźć miejsca Lady Makbet
40%
Wujek, który uzurpował sobie prawo do tronu Danii Klaudiusz
30%
Generał mauretański / Mąż Desdemony Otello
30%
Powiedziano mi, żebym uważał na Idy Marcowe Juliusz Cezar
20%
Król z trzema córkami: Goneril, Regan i Cordelia Król Lear
20%
„Ospa na wasze oba domy” – powiedział Merkucjo
20%
Rodak Rosencrantza Gildenstern
10%
Gruby rycerz, który zalecał się do dwóch wesołych żon Falstaff
0%
Przedstawia upadek powyższego Iago
0%
Przyjaciele, Rzymianie, rodacy, pożyczcie mu uszu Marek Antoniusz
0%
Król wróżek z Midsummer Oberon
0%
Dziedziczka, której zalotnicy grają "Let's Make a Deal" Portia
0%
Rozbity czarodziej Prospero
0%
Garbaty król Ryszard III
0%
Pożyczkodawca, który zażądał funta ciała Shylock
0%
Niestety, czaszka tego biednego błazna stała się rekwizytem Yorick
0%
Nie znaleziono quizów pasujących do podanych kryteriów
Rozkład punktacji
Procent ludzi z każdym wynikiem
Percentyl według liczby udzielonych odpowiedzi
Twoja historia wyników
Nie rozwiązałeś tego quizu